Planning content and goals.
| Main Author: | |
|---|---|
| Corporate Author: | |
| Other Authors: | , , |
| Format: | Microform Book |
| Language: | English |
| Published: |
Tallahassee, Fla. :
State of Florida Department of Education,
1988.
|
| Series: | Learning package ;
1. Florida performance measurement system. Kraus Curriculum Development library ; SMA K-199. |
| Subjects: |
MARC
| Tag | First Indicator | Second Indicator | Subfields |
|---|---|---|---|
| LEADER | 00000cam a2200000 a 4500 | ||
| 001 | in00001363913 | ||
| 005 | 20151006082632.0 | ||
| 007 | he bmb024baca | ||
| 008 | 960802s1988 flu b s000 0 eng d | ||
| 035 | |a (OCoLC)35181713 | ||
| 035 | |9 AHJ3971AM | ||
| 040 | |a WK9 |c WK9 |d UtOrBLW | ||
| 043 | |a n-us-fl | ||
| 049 | |a TXAI | ||
| 099 | |a Fiche |a C |a 3276 |a SMA K-199. | ||
| 100 | 1 | |a Gray, Mary B. | |
| 245 | 1 | 0 | |a Planning content and goals. |
| 264 | 1 | |a Tallahassee, Fla. : |b State of Florida Department of Education, |c 1988. | |
| 300 | |a volumes ; |c 29 cm. | ||
| 336 | |a text |b txt |2 rdacontent | ||
| 337 | |a microform |b h |2 rdamedia | ||
| 338 | |a microfiche |b he |2 rdacarrier | ||
| 490 | 1 | |a Learning package ; |v 1 | |
| 490 | 1 | |a Florida performance measurement system | |
| 500 | |a Cover title. | ||
| 521 | |a Grades K-12. | ||
| 533 | |a Microfiche. |b Millwood, N.Y. : |c Kraus International Publications, |d 1990. |e 1 microfiche. |f (Kraus curriculum development library ; SMA K-199). | ||
| 500 | |a Microform] / developed for the Florida Coalition for the Development of a Performance Measurement System by Mary B. Gray, Anna Nelson and Don A. Gorman ; revised and edited by Glen E. Fardig. | ||
| 650 | 0 | |a Teachers |x Training of |z Florida. | |
| 650 | 0 | |a Teachers |x Certification |z Florida. | |
| 650 | 0 | |a Education |z Florida |x Curricula. | |
| 650 | 0 | |a School improvement programs |z Florida. | |
| 650 | 4 | |a Curriculum overview. | |
| 650 | 4 | |a Evaluation procedures. | |
| 650 | 4 | |a Program goals. | |
| 650 | 4 | |a Staff/personnel training. | |
| 700 | 1 | |a Nelson, Anna. | |
| 700 | 1 | |a Gorman, Don A. | |
| 700 | 1 | |a Fardig, Glen E. | |
| 710 | 1 | |a Florida. |b Department of Education. | |
| 830 | 0 | |a Learning package ; |v 1. | |
| 830 | 0 | |a Florida performance measurement system. | |
| 830 | 0 | |a Kraus Curriculum Development library ; |v SMA K-199. | |
| 999 | |a MARS | ||
| 999 | f | f | |s d80a5c21-0ddb-3e34-ada8-5ed08a0b3c5f |i 38ee9860-e7ad-32e5-bc9c-e0a5663bdaf5 |t 0 |
| 952 | f | f | |p normal |a Texas A&M University |b College Station |c Sterling C. Evans Library |d Evans: Microforms Fiche (3rd floor) |t 0 |e fiche C 3276 SMA K-199 |h Other scheme |i microform -- microfiche |m A14821338619 |
| 998 | f | f | |a fiche C 3276 SMA K-199 |t 0 |l Evans: Microforms Fiche (3rd floor) |